| 000 | 00468nam a2200181 4500 | ||
|---|---|---|---|
| 001 | vtls001988780 | ||
| 003 | NLI | ||
| 005 | 20210630141058.0 | ||
| 008 | 180402s ii 001 eng | ||
| 039 | 9 |
_y201804021730 _zumakar |
|
| 100 | 1 |
_aBalasubramanian, M. _9786371 |
|
| 245 | 1 | 0 | _aSocial and economic change monographs 53 |
| 260 | _c2017 | ||
| 887 | _a | ||
| 903 | _aUma | ||
| 999 |
_aVIRTUA _c1410197 _d1410197 |
||
| 942 |
_2ddc _cBKS |
||
| 999 | _aVTLSSORT0080*1000*2450*2600*9030*9992 | ||